000 00439nam a22001697a 4500
003 MACL
005 20160731155129.0
008 160731b xxu||||| |||| 00| 0 eng d
040 _cMACL
041 _aEnglish
082 _a658 RAN
100 _aRangnekar, Sharu
_922767
245 _aIn The World Of Corporate Managers
_cSharu Rangnekar
260 _aNoida
_bVikas Publishing
_c2011
650 _aManagement
_965909
942 _2ddc
_cBK
999 _c55410
_d55410